Normal view
MARC view
- Qurratul Ain Haider
Entry Personal Name
001 - CONTROL NUMBER
- control field: 88925
003 - CONTROL NUMBER IDENTIFIER
- control field: NUST
005 - DATE AND TIME OF LATEST TRANSACTION
- control field: 20220210122520.0
008 - FIXED-LENGTH DATA ELEMENTS
- fixed length control field: 220210|| aca||aabn | a|a d
040 ## - CATALOGING SOURCE
- Original cataloging agency: NUST
- Transcribing agency: NUST
100 ## - HEADING--PERSONAL NAME
- Personal name: Qurratul Ain Haider
670 ## - SOURCE DATA FOUND
- Source citation: Work cat.: (NUST)32550: Qurratul Ain Haider, Aag Ka Darya /, 2010.
